El código procesal administrativo

Salvato in:
Dettagli Bibliografici
Ente Autore: Universidad Nacional de Cuyo (Autore)
Natura: Libro
Lingua:spagnolo
Pubblicazione: Mendoza Instituto de Administración Pública 1973
Serie:Cuadernos, 29
Soggetti:
Tags: Aggiungi Tag
Nessun Tag, puoi essere il primo ad aggiungerne!!

MARC

LEADER 00000nam a2200000 a 4500
001 UCS0402
003 CL-VaPUC
008 970426e19730000AG |||||||||||||||||spa|d
082 0 4 |a 342.066  |b UNI  |2 21 
110 2 |a Universidad Nacional de Cuyo  |e author  |9 383817 
245 1 3 |a El código procesal administrativo 
300 |a 68 p 
942 |c BK 
945 |d 19970426 00:00:00  |a cmena 
260 |a Mendoza  |b Instituto de Administración Pública  |c 1973 
650 0 |a Administración pública   |9 255343 
650 0 |a Derecho administrativo  |9 254851 
650 0 |a Anteproyecto  |9 383818 
651 0 |a Argentina  |9 254888 
583 |a last modification  |c 19970426 00:00:00  |k Rodrigo Vera 
490 0 |a Cuadernos, 29 
999 |c 258631  |d 258629 
952 |0 0  |1 0  |2 ddc  |4 0  |6 342_066000000000000_UNI_1973  |7 0  |8 A  |9 282880  |a BIBDER  |b BIBDER  |d 2019-11-19  |i 1835289  |o 342.066 UNI 1973  |p 1835289  |r 2023-01-25  |w 2019-11-19  |y MX  |k DER